| 000 | 01343nab a22002057a 4500 | ||
|---|---|---|---|
| 999 |
_c5885 _d5885 |
||
| 003 | OSt | ||
| 005 | 20260109030152.0 | ||
| 008 | 190514b xxu||||| |||| 00| 0 spa d | ||
| 040 | _cPJ | ||
| 100 |
_96297 _aRodríguez, María Laura |
||
| 245 | 1 | 3 |
_aEvaluación diagnóstica de las capacidades ma-parentales : _bcontribuciones desde el trabajo social forense / _cMaría Laura Rodríguez. |
| 300 | _ap. 166-174 | ||
| 505 | _aSumario: I. Introducción.— II. Una aproximación a la definición de capacidades ma-parentales.— III. De la familia nuclear a la pluralidad familiar. Contexto socioeconómico.— IV. El ejercicio del rol de cuidado con perspectiva de género.— V. El lugar de lxs niñxs y adolescentes en la sociedad.— VI. Pensar las capacidades ma-parentales desde la interseccionalidad.— VII. Proceso metodológico para la evaluación de las capacidades ma-parentales.— VIII. Dimensiones para la evaluación de las capacidades ma-parentales.— IX. Algunas palabras finales. | ||
| 505 | _tSi te interesa el texto, comunicate a koha@justierradelfuego.gov.ar | ||
| 650 | 0 |
_9967 _aDERECHO DE FAMILIA |
|
| 650 | 0 |
_9470 _aRELACIONES DE FAMILIA |
|
| 650 | 0 |
_94044 _aPERSPECTIVA DE GÉNERO |
|
| 773 | 0 |
_02844 _93222 _dBuenos Aires : AbeledoPerrot, 1989- _tDerecho de familia. N° 121 - Septiembre 2025 _z18511201 |
|
| 942 |
_2udc _cANA |
||